| 000 | 00685nac a22001931u 4500 | ||
|---|---|---|---|
| 008 | 100906s2004 ii |||||r|||| 00| 0 eng d | ||
| 010 | _a2001016761 | ||
| 020 | _a0764533428 (alk. paper) | ||
| 020 | _a8126502002 | ||
| 082 | 0 | 0 |
_a005.2762 _bGOO _222 |
| 100 |
_aGoodman, Danny. _918266 |
||
| 245 | 1 | 0 |
_aJavaScript bible / _cDanny Goodman ; with a foreword by Brendan Eich, JavaScript's creator. |
| 250 | _a4th ed. | ||
| 260 |
_aNew Delhi : _bDreamtech, _c2004. |
||
| 300 |
_axxxvii, 1200 p. : _bill. ; _c23 cm. + _e1 computer optical disc (4 3/4 in.) |
||
| 500 | _aIncludes index. | ||
| 650 | 0 |
_aJavaScript (Computer program language) _918267 |
|
| 942 |
_cBB _k005.2762G6531 _2ddc |
||
| 999 |
_c518 _d518 |
||